|
|
|
|
| LEADER |
00000nam0a2200000 4500 |
| 001 |
262931 |
| 005 |
20231101233710.0 |
| 010 |
|
|
|a 5283039080
|
| 035 |
|
|
|a (RuTPU)RU\TPU\book\285915
|
| 090 |
|
|
|a 262931
|
| 100 |
|
|
|a 20140604d1988 k y0rusy50 ca
|
| 101 |
0 |
|
|a rus
|
| 102 |
|
|
|a RU
|
| 105 |
|
|
|a a z 001zy
|
| 200 |
1 |
|
|a Кварки и адроны во взаимодействиях частиц высоких энергий
|f В. Г. Гришин
|
| 210 |
|
|
|a Москва
|c Энергоатомиздат
|d 1988
|
| 215 |
|
|
|a 248 с.
|c ил.
|
| 320 |
|
|
|a Библиогр.: с. 243-246.
|
| 606 |
1 |
|
|a Кварки, теория
|x (физика)
|2 stltpush
|3 (RuTPU)RU\TPU\subj\14233
|9 40686
|
| 606 |
1 |
|
|a Адроны
|x Взаимодействие
|2 stltpush
|3 (RuTPU)RU\TPU\subj\1543
|9 30310
|
| 610 |
1 |
|
|a ядерная физика
|
| 610 |
1 |
|
|a ускорители заряженных частиц
|
| 610 |
1 |
|
|a адронное взаимодействие
|
| 610 |
1 |
|
|a спины
|
| 610 |
1 |
|
|a партоны
|
| 610 |
1 |
|
|a глюоны
|
| 675 |
|
|
|a 539.12.072
|v 3
|
| 675 |
|
|
|a 539.126.12
|v 3
|
| 700 |
|
1 |
|a Гришин
|b В. Г.
|g Валентин Григорьевич
|
| 801 |
|
1 |
|a RU
|b 63413507
|c 20140604
|
| 801 |
|
2 |
|a RU
|b 63413507
|c 20140702
|g RCR
|
| 942 |
|
|
|c BK
|